| 000 | 00527nam a22001697a 4500 | ||
|---|---|---|---|
| 999 |
_c20338 _d20338 |
||
| 008 | 240530b ||||| |||| 00| 0 eng d | ||
| 020 | _a9712317943 | ||
| 082 |
_aDFil 330 _bF17 2001 |
||
| 100 |
_aFajardo, Feliciano R. _957345 |
||
| 245 |
_aEconomics / _cFeliciano R. Fajardo. |
||
| 250 |
_aThird edition. _breprinted 2001. |
||
| 260 |
_aManila : _bRex Book Store, Inc., _c©2001 |
||
| 300 |
_axiv, 367 pages : _billustrations ; _c22 cm. |
||
| 500 | _aIncludes bibliography. | ||
| 650 |
_aEconomics. _957357 |
||
| 942 |
_2ddc _cDFIL |
||